| 000 | 00559nam a2200193Ia 4500 | ||
|---|---|---|---|
| 003 | OSt | ||
| 005 | 20200907113600.0 | ||
| 008 | 190216s9999||||xx |||||||||||||| ||und|| | ||
| 020 | _a9788122410662 | ||
| 040 | _coclc | ||
| 082 |
_a536.71 _bGUP/S |
||
| 100 |
_aGupta, Mool Chand _94388 |
||
| 245 | 0 |
_aStatistical Thermodynamics / _cM C Gupta |
|
| 250 | _a2nd Ed. | ||
| 260 |
_bNew Age International Publishers, _c1998. _aNew Delhi: |
||
| 300 | _a507p | ||
| 650 | _aChemistry-Chemistry | ||
| 942 |
_cBK _2ddc _h536.71 _iGUP/S _k536.71 _mGUP/S |
||
| 999 |
_c3312 _d3312 |
||